| 000 | 01761nam0a2200421 4500 | ||
|---|---|---|---|
| 001 | RU\NLR\bibl\1000572 | ||
| 005 | 20260406151442.0 | ||
| 010 |
_a5-8159-0620-4 _910000 |
||
| 021 |
_aRU _b2006-57524 _92846 |
||
| 035 | _a(nilc)RSL-KNO-002946929 | ||
| 035 | _a(NLR Aleph) 000988292 | ||
| 090 |
_a502665 _c502665 |
||
| 100 | _a20060926d2006 |||y0rusy50 ca | ||
| 101 | 0 | _arus | |
| 102 | _aRU | ||
| 105 | _aa ||||||||| | ||
| 200 | 1 |
_aАзазель _aТурецкий Гамбит _aСтатский советник _e[сценарии] _fБорис Акунин |
|
| 210 |
_aМосква _cЗахаров [и др.] _d2006 |
||
| 215 |
_a765 с. _cил. _d21 |
||
| 300 | _aНа обл.: Сценарии / Борис Акунин | ||
| 333 | _a18+ | ||
| 512 | 1 |
_6z45790 _aСценарии |
|
| 610 | 0 | _aФилологические науки. Художественная литература -- Российская Федерация -- Русская литература -- с сер. 50-х гг. 20 в. -- Произведения художественной литературы -- Драматургия -- Киносценарии | |
| 686 |
_aШ5(2=Р)75-668 _2rubbk |
||
| 686 | _aШ6(2=Р)75-68 | ||
| 686 | _aЩ374.9(2) | ||
| 700 | 1 |
_4070 _8rus _7ca _aАкунин _bБ. _gБорис _f1956- _3RU\NLR\auth\775367 _9115331 |
|
| 790 | 1 |
_4070 _8rus _7ca _aАкунин _bБ. _gБорис _f1956- _3RU\NLR\auth\775367 _9115331 |
|
| 801 | 0 |
_aRU _bРКП _c20060926 _grcr |
|
| 801 | 1 |
_aRU _bРГБ _c20060926 |
|
| 801 | 2 |
_aRU _bNLR _c20061024 _grcr |
|
| 942 | _cBOOK | ||
| 980 | _aNB | ||
| 980 | _aIA | ||
| 996 |
_aиноагент _bp _cЧхартишвили Григорий Шалвович |
||